Sports Quiz

Random Sports or MLB Quiz

2010 MLB Class A Free Agents Quiz Stats

 Plays Quiz not verified by Sporcle

Score 0/27 Timer 05:00
0 Plays Today
Team (as of end of 2009 season) Player % Correct
Boston Red SoxJason Bay
78.9%
New York YankeesJohnny Damon
78.2%
St. Louis Cardinals Matt Holliday
76.6%
Los Angeles AngelsJohn Lackey
75.1%
Los Angeles DodgersOrlando Hudson
74.3%
Chicago White SoxJermaine Dye
70.5%
Los Angeles AngelsChone Figgins
68.2%
Boston Red SoxVictor Martinez
64.8%
San Francisco GiantsBengie Molina
60.2%
Detroit TigersPlacido Polanco
59.8%
Minnesota TwinsOrlando Cabrera
58.2%
Los Angeles DodgersManny Ramirez
52.1%
Atlanta BravesRafael Soriano
49.8%
Philadelphia PhilliesCliff Lee
49.4%
Team (as of end of 2009 season) Player % Correct
Atlanta BravesMike Gonzalez
47.5%
Houston AstrosMiguel Tejada
41%
Los Angeles DodgersRandy Wolf
39.5%
Toronto Blue JaysMarco Scutaro
39.1%
Chicago CubsKevin Gregg
36.8%
Houston AstrosJose Valverde
36.4%
Milwaukee BrewersTrevor Hoffman
31.4%
Boston Red SoxBilly Wagner
22.6%
Colorado RockiesRafael Betancourt
17.6%
Los Angeles AngelsDarren Oliver
14.6%
Chicago White SoxOctavio Dotel
12.6%
Houston AstrosLaTroy Hawkins
11.5%
Chicago CubsJohn Grabow
5%

You're not logged in!

Compare scores with friends on all Sporcle quizzes.
OR
Log In

You Might Also Like...

Show Comments

Extras

Top Quizzes Today


Score Distribution

Your Account Isn't Verified!

In order to create a playlist on Sporcle, you need to verify the email address you used during registration. Go to your Sporcle Settings to finish the process.

Report this User

Report this user for behavior that violates our Community Guidelines.

Details: